[Event "Oviedo rapid45"]
[Site "Oviedo"]
[Date "1992.??.??"]
[Round "4"]
[White "Garcia Ilundain, David"]
[Black "Renet, Olivier"]
[Result "0-1"]
[WhiteElo "2420"]
[BlackElo "2495"]

1.d4 Nf6 2.Nf3 g6 3.c4 Bg7 4.Nc3 O-O 5.e4 d6 6.Be2 e5 7.O-O Nc6 8.d5 Ne7
9.b4 Nh5 10.c5 h6 11.g3 f5 12.Nd2 Nf6 13.Bb2 Kh8 14.f3 g5 15.Nc4 fxe4 16.fxe4 Bh3
17.Rf2 Qd7 18.b5 Ng4 19.Rxf8+ Rxf8 20.c6 bxc6 21.bxc6 Qc8 22.Qd2 Rf2 23.Bxg4 Rxd2
24.Bxc8 Rg2+ 25.Kh1 Nxc8 26.Ba3 a6 27.Ne3 Rd2 28.Rd1 Rf2 29.Kg1 Rf3 30.Re1 h5
31.Nb1 Na7 32.Nd2 Rf7 33.Re2 Nb5 34.Bb4 Kg8 35.Rf2 Bf6 36.Nf5 Bxf5 37.Rxf5 Nd4
38.Rf2 g4 39.Kg2  0-1

[Event "Oviedo rapid45"]
[Site "Oviedo"]
[Date "1992.??.??"]
[Round "8"]
[White "Illescas Cordoba, Miguel"]
[Black "Cisneros, Lucas"]
[Result "1-0"]
[WhiteElo "2555"]
[BlackElo "2350"]

1.Nf3 Nf6 2.c4 g6 3.Nc3 Bg7 4.e4 d6 5.d4 O-O 6.Be2 e5 7.O-O Nc6 8.d5 Ne7
9.Ne1 Nd7 10.Be3 f5 11.f3 Nf6 12.c5 f4 13.Bf2 g5 14.Rc1 Rf7 15.cxd6 cxd6
16.Nb5 g4 17.Nc7 g3 18.Nxa8 Nh5 19.Nc7 gxf2+ 20.Rxf2 Ng3 21.Qa4 Nc6 22.Bc4 Rxc7
23.dxc6+ Kh8 24.cxb7 Bxb7 25.Rfc2 Bf8 26.Qa5 Qe7 27.hxg3 fxg3 28.Bd5 Rxc2
29.Rxc2 Bxd5 30.Qxd5 Qg5 31.Qf7 Be7 32.f4 exf4 33.Rc8+ Bf8 34.Qxf8+  1-0

[Event "Pardubice op"]
[Site "Pardubice"]
[Date "1992.??.??"]
[Round "1"]
[White "Gleizerov, Evgeny"]
[Black "Karnik, Pavel"]
[Result "1-0"]
[WhiteElo "2540"]
[BlackElo "2295"]

1.d4 Nf6 2.c4 g6 3.Nc3 Bg7 4.e4 d6 5.Nf3 O-O 6.Be2 e5 7.O-O Nc6 8.d5 Ne7
9.Nd2 a5 10.a3 Nd7 11.Rb1 f5 12.b4 Kh8 13.Qc2 Ng8 14.exf5 gxf5 15.f4 Ndf6
16.fxe5 dxe5 17.Nf3 e4 18.Ng5 Ne7 19.Be3 axb4 20.axb4 Bd7 21.Rbd1 Qe8 22.Nh3 Ng6
23.Nf4 Nxf4 24.Bxf4 c6 25.dxc6 bxc6 26.Na4 Be6 27.Nc5 Bf7 28.Bd6 Rg8 29.Rxf5 Bg6
30.Re5 Qc8 31.Ne6 Bh6 32.Qc3 Ra7 33.Rf1 Rf7 34.Ng5 Bg7 35.Nxf7+  1-0

[Event "Pardubice op"]
[Site "Pardubice"]
[Date "1992.??.??"]
[Round "2"]
[White "Hracek, Zbynek"]
[Black "Pletanek, Jan"]
[Result "1-0"]
[WhiteElo "2480"]
[BlackElo "2320"]

1.d4 Nf6 2.c4 g6 3.Nc3 Bg7 4.e4 d6 5.Nf3 O-O 6.Be2 e5 7.O-O Nc6 8.Be3 Ng4
9.Bg5 f6 10.Bc1 Kh8 11.d5 Ne7 12.Ne1 f5 13.Bxg4 fxg4 14.Be3 h6 15.c5 g5 16.Rc1 Bd7
17.cxd6 cxd6 18.Qb3 b5 19.Nd3 Qb8 20.Rc2 a5 21.Rfc1 Qe8 22.Ne2 b4 23.Rc7 Ng6
24.Qd1 Nf4 25.Ng3 h5 26.Ne1 Bh6 27.Rb7 Rc8 28.Rb6 Qg6 29.Nd3 Rxc1 30.Bxc1 h4
31.Nxe5 Qf6 32.Bxf4 Bc8 33.Rxd6  1-0

[Event "Pardubice op"]
[Site "Pardubice"]
[Date "1992.??.??"]
[Round "3"]
[White "Tunik, Gennady"]
[Black "Lipka, Juraj"]
[Result "1-0"]
[WhiteElo "2480"]
[BlackElo "2310"]

1.d4 Nf6 2.c4 g6 3.Nc3 Bg7 4.e4 d6 5.Nf3 O-O 6.Be2 e5 7.O-O Nc6 8.d5 Ne7
9.Ne1 Nd7 10.Be3 f5 11.f3 f4 12.Bf2 g5 13.a4 a5 14.Nd3 b6 15.Be1 h5 16.Nf2 Nc5
17.Nb5 Rf6 18.b4 axb4 19.Bxb4 Nb7 20.Nd3 Rg6 21.Be1 Kh8 22.a5 bxa5 23.c5 dxc5
24.Bc3 Rb6 25.Nxe5 Kh7 26.Nf7 Qg8 27.Nxg5+ Kh6 28.Bxg7+ Qxg7 29.Nxc7 Nf5
30.Nxa8 Ne3 31.Nxb6 Qxg5 32.Rf2 Bh3 33.Qa4 Bxg2 34.Qc6+ Kh7 35.Qxb7+ Kh6
36.Qc6+ Kh7 37.Qd7+ Kh6 38.Qe6+ Kh7 39.h4 Qg3 40.Qe7+ Kh8 41.Qg5  1-0

[Event "Pardubice op"]
[Site "Pardubice"]
[Date "1992.??.??"]
[Round "5"]
[White "Ftacnik, Lubomir"]
[Black "Piesina, Gintautas"]
[Result "1-0"]
[WhiteElo "2535"]
[BlackElo "2415"]

1.d4 Nf6 2.Nf3 g6 3.c4 Bg7 4.Nc3 O-O 5.e4 d6 6.Be2 e5 7.O-O Nc6 8.d5 Ne7
9.Nd2 a5 10.a3 Nd7 11.Rb1 f5 12.b4 b6 13.f3 f4 14.Qc2 g5 15.Nb5 Ng6 16.c5 bxc5
17.bxc5 Nxc5 18.Nb3 Nxb3 19.Rxb3 Rf7 20.Bd2 Nh4 21.Rc1 Ba6 22.a4 h5 23.Rc3 g4
24.fxg4 hxg4 25.Bxg4 Qg5 26.h3 Bc8 27.Qd1 Qg6 28.Be1 f3 29.gxf3 Bxg4 30.hxg4 Qg5
31.R1c2 Raf8 32.Bxh4 Qxh4 33.Rh2 Qg3+ 34.Rg2 Qh3 35.g5 Qh5 36.Kf2 Qh4+ 37.Ke2 Rxf3
38.Rxf3 Rxf3 39.Kxf3 Qh5+ 40.Rg4 Qh3+ 41.Kf2 Qh2+  1-0

[Event "Paris-ch"]
[Site "Paris"]
[Date "1992.??.??"]
[Round "2"]
[White "Appleberry, Martin"]
[Black "Caminade, Andrija"]
[Result "1-0"]
[WhiteElo "2310"]
[BlackElo "2230"]

1.d4 Nf6 2.Nf3 d6 3.c4 g6 4.Nc3 Bg7 5.e4 O-O 6.Be2 e5 7.O-O Nc6 8.d5 Ne7
9.Nd2 Ne8 10.b4 f5 11.c5 Kh8 12.a4 a5 13.Ba3 Ng8 14.bxa5 Ngf6 15.exf5 gxf5
16.Nc4 e4 17.Nb5 Ng4 18.Bxg4 fxg4 19.cxd6 cxd6 20.Rc1 Rf6 21.Nb6 Rb8 22.Nxc8 Rxc8
23.Qxg4 Rxc1 24.Rxc1 Qxa5 25.Qxe4 Rf8 26.Qb4 Qb6 27.Rf1 Rf5 28.a5 Qd8 29.Nxd6 Nxd6
30.Qxd6 Qxd6 31.Bxd6 Rxd5 32.Bb4 Rb5 33.Be1 Kg8 34.g3 Bf6 35.Bd2 Rd5 36.Be1 Bd8
37.Kg2 Bxa5 38.Bxa5 Rxa5 39.Rb1 Ra7 40.Rb6 Kg7 41.g4 Kg8 42.h4 Kf8 43.Kg3 Kg8
44.h5 Kg7 45.Kh4 Kg8 46.f4 Kg7 47.Kg5 Kg8 48.f5 Kg7 49.Rd6 b5 50.h6+ Kf7
51.Rf6+ Ke7 52.Rb6 Ra5 53.Rb7+ Kd6 54.Rxh7 Kc6 55.Rh8  1-0

[Event "Paris-ch"]
[Site "Paris"]
[Date "1992.??.??"]
[Round "3"]
[White "Dussol, Pierre"]
[Black "Murrey, Jacob"]
[Result "0-1"]
[WhiteElo "2340"]
[BlackElo "2445"]

1.d4 Nf6 2.Nf3 d6 3.c4 g6 4.Nc3 Bg7 5.e4 O-O 6.Be2 e5 7.O-O Nc6 8.d5 Ne7
9.Bg5 Nd7 10.Nd2 f6 11.Be3 f5 12.f3 Kh8 13.b4 Ng8 14.c5 Bh6 15.Bf2 a5 16.cxd6 cxd6
17.Nc4 axb4 18.Nb5 fxe4 19.fxe4 Ngf6 20.Ncxd6 b6 21.Bg3 Ba6 22.Qc2 Qe7 23.Qc7 Be3+
24.Kh1 Bc5 25.Rxf6 Qxf6 26.Qxd7 Bxd6 27.Qxd6 Qxd6 28.Nxd6 Bxe2 29.Bxe5+ Kg8
30.Bd4 b3 31.a3 Ra4 32.Bb2 b5 33.Rb1 b4 34.axb4 Ra2 35.h4 Bd3 36.Rd1 Bc2
37.Rc1 Rxb2 38.e5 Rb1 39.Rxb1 Bxb1 40.e6 Bd3 41.e7 b2  0-1

[Event "Paris-ch"]
[Site "Paris"]
[Date "1992.??.??"]
[Round "7"]
[White "Denis, Laurent"]
[Black "Arki, Mikael"]
[Result "1-0"]
[WhiteElo "2235"]
[BlackElo "2225"]

1.d4 Nf6 2.c4 g6 3.Nc3 Bg7 4.e4 O-O 5.Nf3 d6 6.Be2 e5 7.O-O Nc6 8.d5 Ne7
9.Ne1 Nd7 10.Nd3 f5 11.Be3 Nf6 12.f3 c6 13.Rc1 b5 14.dxc6 bxc4 15.Nf2 Be6
16.Qa4 Kh8 17.Bxc4 Bxc4 18.Qxc4 Rc8 19.Qa4 Nxc6 20.Nb5 Qd7 21.Rfd1 Nb8 22.Qa5 Nc6
23.Qa3 Nd4 24.Nxd4 exd4 25.exf5 gxf5 26.Bf4 Rxc1 27.Rxc1 Rd8 28.Qa5 Re8 29.Qa6 Re6
30.Nd3 Ne8 31.Qc8 Qe7 32.Kf1 Be5 33.Bg5 Qf7 34.Re1 Rg6 35.f4 Rg8 36.fxe5 Rxg5
37.exd6 Rg8 38.d7 Qd5 39.Nf4 Qb5+ 40.Kg1 Nd6 41.Qxg8+ Kxg8 42.d8=Q+  1-0

[Event "Paris-ch"]
[Site "Paris"]
[Date "1992.??.??"]
[Round "8"]
[White "Denis, Laurent"]
[Black "Demarre, Jacques"]
[Result "1/2-1/2"]
[WhiteElo "2235"]
[BlackElo "2275"]

1.d4 Nf6 2.c4 g6 3.Nc3 Bg7 4.e4 d6 5.Nf3 O-O 6.Be2 e5 7.O-O Nc6 8.d5 Ne7
9.Ne1 Nd7 10.Nd3 f5 11.Bd2 Nf6 12.f3 f4 13.g4 fxg3 14.hxg3 c6 15.Be3 b5 16.dxc6 bxc4
17.Nb4 a5 18.Bxc4+ Kh8 19.Nbd5 Nxc6 20.Kg2 Rb8 21.Qd2 Nd4 22.Bxd4 exd4 23.Ne2 Nxd5
24.Bxd5 d3 25.Nc3 Qf6 26.Rf2 Qd4 27.Rh1 Bd7 28.Kf1 Bg4 29.f4 h5 30.Rh4  1/2-1/2

[Event "Parthenay op"]
[Site "Parthenay"]
[Date "1992.??.??"]
[Round "5"]
[White "Ikonnikov, Vyacheslav"]
[Black "Shevelev, Sergei"]
[Result "1-0"]
[WhiteElo "2505"]
[BlackElo "2415"]

1.d4 Nf6 2.Nf3 g6 3.c4 Bg7 4.Nc3 O-O 5.e4 d6 6.Be2 e5 7.O-O Nc6 8.d5 Ne7
9.Ne1 Nd7 10.Be3 f5 11.f3 f4 12.Bf2 h5 13.a4 a5 14.Nd3 b6 15.b4 axb4 16.Nb5 g5
17.Be1 Nf6 18.Bxb4 Ne8 19.Nf2 Rf6 20.a5 bxa5 21.Rxa5 Rxa5 22.Bxa5 Qd7 23.Na7 Ba6
24.Qb3 Ng6 25.Ra1 Rf8 26.Be1 Bc8 27.c5 Nf6 28.c6 Qe7 29.Ba5 g4 30.Nxc8 Rxc8
31.Qb7 Qd8 32.Bxc7 Qe8 33.Bxd6 g3 34.Nh3 gxh2+ 35.Kxh2 Rd8 36.c7  1-0

[Event "Fishbecks"]
[Site "Pasadena"]
[Date "1992.??.??"]
[Round "?"]
[White "Beelby, Matthew A"]
[Black "Booth, Stephen A"]
[Result "1/2-1/2"]
[WhiteElo "2340"]
[BlackElo "2235"]

1.d4 Nf6 2.c4 g6 3.Nc3 Bg7 4.e4 d6 5.Be2 O-O 6.Nf3 e5 7.O-O Nc6 8.d5 Ne7
9.b4 Nd7 10.Be3 f5 11.Ng5 Nf6 12.f3 Kh8 13.Qd2 Neg8 14.Ne6 Bxe6 15.dxe6 Re8
16.c5 Rxe6 17.Bc4 Re7 18.Rad1 Qc8 19.cxd6 cxd6 20.Bxg8 Kxg8 21.Bg5 Rf7 22.Rc1 Qe6
23.Bxf6 Qxf6 24.Nd5 Qh4 25.Qd3 Raf8 26.b5 Bh6 27.Rc4 Qd8 28.Rd1 Qa5 29.Qb3 a6
30.bxa6 bxa6 31.Ra4 Qc5+ 32.Kh1 Kg7 33.Rc4 Qf2 34.Nc7 Kh8 35.Ne6 Re8 36.Rc2 Qa7
37.Rc6 fxe4 38.Rcxd6 exf3 39.gxf3 Qf2 40.Rd8 Re7 41.Rxe8+ Rxe8 42.Qd5 Qe2
43.Rg1 Qe3 44.Qc6 Rb8 45.Nd8 Qf4 46.Qe8+ Bf8 47.Nf7+ Kg7  1/2-1/2

[Event "Fishbecks"]
[Site "Pasadena"]
[Date "1992.??.??"]
[Round "?"]
[White "Beelby, Matthew A"]
[Black "Lee, Dan"]
[Result "1/2-1/2"]
[WhiteElo "2340"]
[BlackElo "2255"]

1.d4 Nf6 2.c4 g6 3.Nc3 Bg7 4.e4 d6 5.Be2 O-O 6.Nf3 e5 7.O-O Nc6 8.d5 Ne7
9.b4 a5 10.bxa5 Nd7 11.Nd2 Rxa5 12.Nb3 Ra8 13.a4 f5 14.f3 f4 15.a5 g5 16.Ba3 Rf6
17.c5 Rh6 18.Nb5 Nf8 19.Rf2 dxc5 20.Bxc5 Kh8 21.Nxc7 Rb8 22.Bf1 Ng8 23.Bb6 g4
24.fxg4 Qh4 25.h3 Nf6 26.Qd3 Bxg4 27.Rc2 f3 28.Rac1 fxg2 29.Bxg2 Bd7 30.Nc5 Ng6
31.Nxd7 Nf4 32.Qf3 Nxd7 33.Ne6 Nxb6 34.axb6 Nxe6 35.dxe6 Rxe6 36.Rc8+ Re8
37.Rxb8 Rxb8  1/2-1/2

[Event "Philadelphia opI"]
[Site "Philadelphia"]
[Date "1992.??.??"]
[Round "1"]
[White "Ibragimov, Ildar"]
[Black "Morgan, Matthew"]
[Result "1-0"]
[WhiteElo "2515"]
[BlackElo "2295"]

1.d4 Nf6 2.c4 g6 3.Nc3 Bg7 4.e4 d6 5.Be2 O-O 6.Nf3 e5 7.O-O Nc6 8.d5 Ne7
9.Nd2 a5 10.a3 Nd7 11.Rb1 f5 12.b4 Kh8 13.f3 Ng8 14.Qc2 f4 15.Nb5 b6 16.c5 bxc5
17.bxc5 Nxc5 18.a4 Nf6 19.Ba3 Nfd7 20.Nb3 Rf7 21.Nxc5 Nxc5 22.Bxc5 dxc5 23.Qxc5 Ba6
24.Qc3 Bxb5 25.Rxb5 Qd6 26.Rfb1 Bf8 27.Rxa5 Rxa5 28.Qxa5 Qa3 29.Kh1 Qa2 30.Qb5 Bd6
31.a5 Rf8 32.a6 c6 33.Qb2 Qxb2 34.Rxb2 cxd5 35.exd5 Rc8 36.g4 Rc1+ 37.Kg2 Bc5
38.Rb8+ Kg7 39.a7  1-0

[Event "World op"]
[Site "Philadelphia"]
[Date "1992.??.??"]
[Round "2"]
[White "Stone, Raymond"]
[Black "Van Wely, Loek"]
[Result "0-1"]
[WhiteElo "2355"]
[BlackElo "2560"]

1.d4 Nf6 2.c4 g6 3.Nc3 Bg7 4.e4 d6 5.Nf3 O-O 6.Be2 e5 7.O-O Nc6 8.d5 Ne7
9.Ne1 Nd7 10.Nd3 f5 11.Bd2 Nf6 12.f3 h5 13.c5 fxe4 14.fxe4 c6 15.Qb3 cxd5
16.Nxd5 Nfxd5 17.Rxf8+ Bxf8 18.Bg5 dxc5 19.Bxe7 Qxe7 20.Qxd5+ Kh7 21.Rf1 Be6
22.Qxe5 Bxa2 23.Qg3 Bh6 24.Ne5 Qg5 25.Qxg5 Bxg5 26.Bc4 Bxc4 27.Nxc4 Kg7 28.Nd6 Bf6
29.Nxb7 Bxb2 30.Rb1 Bd4+  0-1

[Event "World op"]
[Site "Philadelphia"]
[Date "1992.??.??"]
[Round "4"]
[White "Bonin, Jay R"]
[Black "Olesen, Martin"]
[Result "1-0"]
[WhiteElo "2400"]
[BlackElo "2380"]

1.d4 Nf6 2.c4 g6 3.Nc3 Bg7 4.e4 d6 5.Nf3 O-O 6.Be2 e5 7.O-O Nc6 8.d5 Ne7
9.b4 Nh5 10.c5 h6 11.Nd2 Nf4 12.Nc4 f5 13.f3 g5 14.Be3 Rf6 15.cxd6 cxd6 16.Nb5 b6
17.a4 Ba6 18.Re1 Kh8 19.Bf1 Bxb5 20.axb5 g4 21.Bxf4 exf4 22.e5 dxe5 23.d6 Ng6
24.fxg4 fxg4 25.Qxg4 f3 26.gxf3 Nf4 27.Nxe5 Qxd6 28.Rad1 Qxb4 29.Kh1 Raf8
30.Rd7 Rg8 31.Qh4 Rgf8 32.Bc4 Ng6 33.Qg3 Rd6 34.Nf7+ Rxf7 35.Rxf7 Qxc4 36.Rxg7 Kxg7
37.Qxd6 Qf7 38.Qd4+ Kh7 39.Qe4 Qd7 40.Rg1 Qf7 41.f4 Qf6 42.Rxg6 Qxg6 43.Qxg6+ Kxg6
44.Kg2  1-0

[Event "World op"]
[Site "Philadelphia"]
[Date "1992.??.??"]
[Round "4"]
[White "Psakhis, Lev"]
[Black "Byrne, Robert E"]
[Result "1/2-1/2"]
[WhiteElo "2605"]
[BlackElo "2455"]

1.d4 Nf6 2.c4 g6 3.Nc3 Bg7 4.e4 d6 5.Nf3 O-O 6.Be2 e5 7.O-O Nc6 8.d5 Ne7
9.Nd2 a5 10.a3 Nd7 11.Rb1 f5 12.b4 Kh8 13.f3 Ng8 14.Qc2 axb4 15.axb4 Ngf6
16.Bd3 f4 17.Nb5 Ne8 18.c5 g5 19.g4 fxg3 20.hxg3 g4 21.fxg4 Qg5 22.Rxf8+ Nxf8
23.Nf1 Qxg4 24.cxd6 cxd6 25.Qf2 Qg6 26.Ne3 Bh6 27.Nc4 Bd7 28.Nbxd6 Nxd6 29.Nxe5 Qh5
30.Be2 Qh3 31.Bf1 Qh5 32.Be2  1/2-1/2

[Event "World op"]
[Site "Philadelphia"]
[Date "1992.??.??"]
[Round "6"]
[White "Burger, Karl"]
[Black "Anderson, Renard"]
[Result "1-0"]
[WhiteElo "2330"]
[BlackElo "2270"]

1.d4 Nf6 2.Nf3 g6 3.c4 Bg7 4.Nc3 O-O 5.e4 d6 6.Be2 e5 7.O-O Nc6 8.d5 Ne7
9.b4 Nh5 10.g3 f5 11.Ng5 Nf6 12.f3 c6 13.Kg2 a5 14.bxa5 Qxa5 15.Qb3 h6 16.Ne6 Bxe6
17.dxe6 Rfb8 18.a4 Kh7 19.Rd1 Ne8 20.Be3 c5 21.Nd5 Nc6 22.exf5 gxf5 23.Ra2 Nc7
24.Bd2 Nb4 25.Nxb4 cxb4 26.Bxb4 Qa7 27.Rxd6 Na6 28.Ba3 Re8 29.Qd3 e4 30.fxe4 Nc5
31.Bxc5 Qxc5 32.exf5 Bf6 33.Bf3 Rad8 34.Rxd8 Rxd8 35.Bd5 b6 36.Re2 Re8 37.Qf3 Re7
38.Qh5 Rg7 39.e7 Bxe7 40.f6 Bxf6 41.Qf5+ Rg6 42.Be4  1-0

[Event "World op"]
[Site "Philadelphia"]
[Date "1992.??.??"]
[Round "8"]
[White "Taylor, Timothy"]
[Black "Rios, Alejandro"]
[Result "1-0"]
[WhiteElo "2455"]
[BlackElo "2285"]

1.d4 Nf6 2.c4 g6 3.Nc3 Bg7 4.e4 O-O 5.Nf3 d6 6.Be2 e5 7.O-O Nc6 8.d5 Ne7
9.b4 a5 10.Ba3 axb4 11.Bxb4 Nd7 12.a4 h6 13.Nd2 f5 14.a5 Kh8 15.f3 h5 16.Nb3 Bh6
17.Qd3 Rf7 18.c5 dxc5 19.Nxc5 Nxc5 20.Bxc5 Ng8 21.d6 cxd6 22.Bxd6 Qf6 23.f4 Bxf4
24.Rxf4 exf4 25.e5 Qg5 26.Bf3 Be6 27.Nb5 Qd8 28.Nd4 Bc8 29.Qc3 Rg7 30.Nb5 Ra6
31.Nc7 Rxd6 32.exd6 Qxd6 33.Qxg7+  1-0

[Event "World op"]
[Site "Philadelphia"]
[Date "1992.??.??"]
[Round "8"]
[White "Psakhis, Lev"]
[Black "Hellers, Ferdinand"]
[Result "1/2-1/2"]
[WhiteElo "2605"]
[BlackElo "2510"]

1.c4 Nf6 2.Nc3 g6 3.e4 d6 4.d4 Bg7 5.Nf3 O-O 6.Be2 e5 7.O-O Nc6 8.d5 Ne7
9.Nd2 a5 10.a3 Nd7 11.Rb1 f5 12.b4 Kh8 13.f3 Ng8 14.Qc2 Ngf6 15.Bd3 f4 16.Nb5 b6
17.Bb2 g5 18.Be2 h5 19.c5 bxc5 20.bxc5 Nxc5 21.Bxe5 Ba6 22.Bd4 Nfd7 23.Bxg7+ Kxg7
24.Nc4 Bxb5 25.Rxb5 Qf6 26.Nxa5 Rfb8 27.Rxb8 Rxb8 28.Nc4 Ne5 29.Nxe5  1/2-1/2

[Event "Philadelphia opI"]
[Site "Philadelphia"]
[Date "1992.??.??"]
[Round "9"]
[White "Fink, Stanley"]
[Black "Rios, Alejandro"]
[Result "0-1"]
[WhiteElo "2270"]
[BlackElo "2285"]

1.d4 Nf6 2.c4 g6 3.Nc3 Bg7 4.e4 O-O 5.Nf3 d6 6.Be2 e5 7.O-O Nc6 8.d5 Ne7
9.b4 Nd7 10.c5 f5 11.Nd2 Nf6 12.f3 f4 13.Nc4 g5 14.a4 h5 15.h3 Kh8 16.Ba3 Ne8
17.b5 Rf7 18.a5 Ng8 19.b6 axb6 20.cxb6 cxb6 21.axb6 Ngf6 22.Nb5 Bf8 23.Qc2 g4
24.Bxd6 Rxa1 25.Rxa1 Bxd6 26.Ncxd6 Nxd6 27.Nxd6 Qxb6+ 28.Kf1 Rc7 29.Nxc8 Qd4
30.Qd1 Qc5 31.Na7 gxh3 32.gxh3 Rg7 33.Ke1 Qe3  0-1

[Event "RUS-chT"]
[Site "Podolsk"]
[Date "1992.??.??"]
[Round "?"]
[White "Gleizerov, Evgeny"]
[Black "Zaitsev, Igor A"]
[Result "1-0"]
[WhiteElo "2525"]
[BlackElo "2425"]

1.d4 Nf6 2.c4 g6 3.Nc3 Bg7 4.e4 d6 5.Nf3 O-O 6.Be2 e5 7.O-O Nc6 8.d5 Ne7
9.Nd2 a5 10.a3 Bd7 11.b3 Ne8 12.Rb1 f5 13.b4 axb4 14.axb4 Nf6 15.f3 c6 16.dxc6 Nxc6
17.Nb3 Be6 18.Nb5 fxe4 19.Nxd6 exf3 20.Rxf3 e4 21.Rf2 Nxb4 22.Nc5 Nd3 23.Nxe6 Qxd6
24.Nxf8 Ng4 25.Bxg4 Bd4 26.Be6+ Kh8 27.Nxg6+ hxg6 28.Qg4 Bxf2+ 29.Kh1 Ne5
30.Qh3+ Kg7 31.Qh6+ Kf6 32.Bd5 e3 33.Bxe3 Bxe3 34.Rf1+  1-0

[Event "RUS-chT"]
[Site "Podolsk"]
[Date "1992.??.??"]
[Round "?"]
[White "Epishin, Vladimir"]
[Black "Dolmatov, Sergey"]
[Result "1-0"]
[WhiteElo "2620"]
[BlackElo "2595"]

1.d4 Nf6 2.c4 g6 3.Nc3 Bg7 4.e4 d6 5.Nf3 O-O 6.Be2 e5 7.O-O Nc6 8.d5 Ne7
9.Nd2 a5 10.Rb1 Nd7 11.a3 f5 12.b4 Kh8 13.f3 Ng8 14.Qc2 Ngf6 15.Nb5 axb4
16.axb4 Nh5 17.g3 Ndf6 18.c5 Bd7 19.Rb3 Bh6 20.Rc3 Ng7 21.Rd1 Nge8 22.Bb2 fxe4
23.Nxe4 Nxe4 24.Qxe4 Bf5 25.Qc4 Bg7 26.Qb3 Kg8 27.Rc4 Rf7 28.Nc3 Nf6 29.Bc1 Qf8
30.Be3 Bh6 31.Bf2 Bd7 32.b5 Ng4 33.Ne4 Nxf2 34.Kxf2 b6 35.cxd6 cxd6 36.Rc6 Bxc6
37.dxc6 Kh8 38.Rxd6 Bc1 39.Qc3 Ba3 40.Re6 Qg7 41.Kg2 Re7 42.Bc4 Raa7 43.h4 Rxe6
44.Bxe6 Bf8 45.Bb3 h6 46.Qc4 g5 47.hxg5 hxg5 48.Qe6 g4 49.fxg4  1-0

[Event "POL-ch"]
[Site "?"]
[Date "1992.??.??"]
[Round "3"]
[White "Schmidt, Wlodzimierz"]
[Black "Sznapik, Aleksander"]
[Result "0-1"]
[WhiteElo "2465"]
[BlackElo "2460"]

1.Nf3 Nf6 2.c4 g6 3.Nc3 Bg7 4.d4 O-O 5.e4 d6 6.Be2 e5 7.O-O Nc6 8.d5 Ne7
9.Nd2 a5 10.a3 Nd7 11.Rb1 f5 12.b4 Kh8 13.Qc2 Nf6 14.f3 axb4 15.axb4 Nh5
16.c5 Nf4 17.Nc4 g5 18.Be3 Neg6 19.cxd6 cxd6 20.Nb5 Ra6 21.Ra1 Rxa1 22.Rxa1 fxe4
23.fxe4 Nxe2+ 24.Qxe2 Nf4 25.Qd2 Bg4 26.Nbxd6 Ne2+ 27.Kh1 b5 28.Bxg5 Qd7
29.Ne3 Nd4 30.Nxg4 Qxg4 31.Re1 Nb3 32.Qe3 Nd4 33.Nf5 Nxf5 34.exf5 Rxf5 35.Be7 Qc4
36.Qc1 Kg8 37.d6 Kf7 38.Qxc4+ bxc4 39.Rd1 c3 40.d7 Rf1+ 41.Rxf1+ Kxe7 42.Re1 Kxd7
43.Re4 Kd6 44.Rc4 e4 45.Kg1 Kd5 46.Rc8 Kd4 47.Rd8+ Ke3 48.Kf1 c2 49.Rc8 Kd3
50.Rxc2 Kxc2 51.Ke2 Bd4 52.g4 Kc3 53.h4 Kxb4 54.g5 Kc4  0-1

[Event "Polanica Zdroj op"]
[Site "Polanica Zdroj"]
[Date "1992.??.??"]
[Round "4"]
[White "Zimmerman, Yuri"]
[Black "Hait, Alexander"]
[Result "1/2-1/2"]
[WhiteElo "2280"]
[BlackElo "2380"]

1.d4 Nf6 2.c4 g6 3.Nc3 Bg7 4.e4 d6 5.Nf3 O-O 6.Be2 e5 7.O-O Nc6 8.d5 Ne7
9.Ne1 Nd7 10.Nd3 f5 11.Bd2 Nb6 12.b3 fxe4 13.Nxe4 Bf5 14.f3 c6 15.dxc6 Bxe4
16.fxe4 Nxc6 17.Rxf8+ Qxf8 18.Bg4 Nd4 19.Be3 Bh6 20.Bxd4 exd4 21.g3 Re8 22.Qf3 Qe7
23.Re1 Be3+ 24.Kh1 Qxe4 25.Qxe4 Rxe4 26.Bf3 Re7 27.Kg2 Kg7 28.Rd1 Kf8  1/2-1/2

[Event "Polanica Zdroj op"]
[Site "Polanica Zdroj"]
[Date "1992.??.??"]
[Round "6"]
[White "Skalik, Przemyslaw"]
[Black "Hait, Alexander"]
[Result "1-0"]
[WhiteElo "2375"]
[BlackElo "2380"]

1.d4 Nf6 2.c4 g6 3.Nc3 Bg7 4.e4 d6 5.Nf3 O-O 6.Be2 e5 7.O-O Nc6 8.d5 Ne7
9.b4 Nh5 10.g3 f5 11.Ng5 Nf6 12.f3 c6 13.Be3 f4 14.Bf2 Ne8 15.c5 fxg3 16.hxg3 Bh6
17.cxd6 Bxg5 18.dxe7 Qxe7 19.dxc6 bxc6 20.Bc5 Qe6 21.Qb3 Qxb3 22.axb3 Rf6
23.Be7 Bh3 24.Bc4+ Kg7 25.Bxf6+ Nxf6 26.Rfd1 Be3+ 27.Kh2 Bd7 28.b5 Bd4 29.bxc6 Bxc6
30.Rac1 h5 31.Ne2 Bb6 32.Rd6 Bb7 33.Re6 Bc5 34.Rxe5 Rc8 35.Nf4 Kh6 36.Re6 Kg7
37.e5  1-0

[Event "Police op"]
[Site "Police"]
[Date "1992.??.??"]
[Round "10"]
[White "Weglarz, Leszek"]
[Black "Pedzich, Dominik"]
[Result "1/2-1/2"]
[WhiteElo "2330"]
[BlackElo "2385"]

1.d4 Nf6 2.c4 g6 3.Nc3 Bg7 4.e4 d6 5.Nf3 O-O 6.Be2 e5 7.O-O Nc6 8.d5 Ne7
9.Ne1 Nd7 10.Nd3 f5 11.Bd2 Nf6 12.f3 Rf7 13.Rc1 Qf8 14.c5 Bh6 15.cxd6 cxd6
16.Nf2 Bd7 17.Bb5 a6 18.Bxd7 Nxd7 19.Rc2 Rc8 20.Bxh6 Qxh6 21.Qc1 Qh4 22.Qd2 Kg7
23.Rfc1 Ng8 24.Ncd1 Rxc2 25.Rxc2 Ndf6  1/2-1/2

[Event "Porz op28"]
[Site "Porz"]
[Date "1992.??.??"]
[Round "4"]
[White "Schebler, Gerhard"]
[Black "Hogenacker, Jacques"]
[Result "1-0"]
[WhiteElo "2295"]
[BlackElo "2280"]

1.d4 Nf6 2.c4 g6 3.Nc3 Bg7 4.e4 d6 5.Nf3 O-O 6.Be2 e5 7.O-O Nc6 8.d5 Ne7
9.Nd2 Nd7 10.Rb1 f5 11.b4 Kh8 12.f3 Ng8 13.c5 Rf7 14.Ba3 Ndf6 15.Nc4 Bf8
16.f4 exf4 17.e5 dxe5 18.Nxe5 Re7 19.Nc4 g5 20.d6 cxd6 21.cxd6 Re6 22.Nb5 Ne8
23.Bb2+ Bg7 24.Bh5 Ngf6 25.Bf7 Re4 26.Nc3 Rxc4 27.Bxc4 Nxd6 28.Nb5 Nfe4 29.Nxd6 Qb6+
30.Kh1 Nxd6 31.Bxg7+ Kxg7 32.Bb3 Ne4 33.Qh5 Be6 34.Bxe6 Qxe6 35.Rbc1 Rc8
36.Rxc8 Qxc8 37.Qe2 Qc6 38.Qb2+ Kg6 39.Qd4 a6 40.Kg1 h5 41.a4 h4 42.h3 Ng3
43.Re1 Ne4 44.a5 Nf6 45.Qc5 Qd7 46.Qb6 g4 47.Rf1 Qd2 48.hxg4 fxg4 49.Qf2 Qxb4
50.Qxf4 Qc3 51.Qf5+ Kf7 52.Qh7+ Ke6 53.Qxb7 Qe3+ 54.Kh1 Ne4 55.Qxa6+ Ke7
56.Qb7+ Ke6 57.Qf7+ Kd6 58.Rd1+ Kc6 59.Qd5+  1-0

[Event "Porz"]
[Site "Porz"]
[Date "1992.??.??"]
[Round "4"]
[White "Grimm, Sascha"]
[Black "Mainka, Romuald"]
[Result "0-1"]
[WhiteElo "2325"]
[BlackElo "2550"]

1.Nf3 Nf6 2.c4 g6 3.Nc3 Bg7 4.d4 d6 5.e4 O-O 6.Be2 e5 7.O-O Nc6 8.d5 Ne7
9.b4 Nh5 10.g3 f5 11.Ng5 Nf6 12.f3 f4 13.Kg2 a5 14.Ba3 h6 15.Ne6 Bxe6 16.dxe6 axb4
17.Bxb4 c5  0-1

[Event "Prague Chip"]
[Site "Prague"]
[Date "1992.??.??"]
[Round "7"]
[White "Pekarek, Ales"]
[Black "Mainka, Romuald"]
[Result "0-1"]
[WhiteElo "2455"]
[BlackElo "2455"]

1.d4 Nf6 2.Nf3 g6 3.c4 Bg7 4.Nc3 O-O 5.e4 d6 6.Be2 e5 7.O-O Nc6 8.d5 Ne7
9.Bd2 Nd7 10.b4 f5 11.Ng5 Nf6 12.Ne6 Bxe6 13.dxe6 c6 14.c5 d5 15.exd5 cxd5
16.Nb5 Ne4 17.Bc1 f4 18.Bb2 a6 19.Nc3 Ng5 20.Nxd5 Qxd5 21.Qxd5 Nxd5 22.Bc4 Ne7
23.Rfe1 f3 24.g3 Rad8 25.Rad1 e4 26.Bxg7 Kxg7 27.Rd6 Nf5 28.Red1 Rxd6 29.cxd6 Rd8
30.d7 e3 31.g4 e2  0-1

[Event "CRO-Cup"]
[Site "Pula"]
[Date "1992.??.??"]
[Round "4"]
[White "Tratar, Marko"]
[Black "Cvitan, Ognjen"]
[Result "0-1"]
[WhiteElo "2335"]
[BlackElo "2505"]

1.d4 Nf6 2.c4 g6 3.Nc3 Bg7 4.e4 d6 5.Nf3 O-O 6.Be2 e5 7.O-O Nc6 8.d5 Ne7
9.Nd2 a5 10.a3 Nd7 11.Rb1 f5 12.b4 Kh8 13.f3 Ng8 14.Qc2 Ngf6 15.Nb5 Nh5 16.g3 axb4
17.axb4 Ndf6 18.c5 Bd7 19.Rb3 Bh6 20.Rc3 fxe4 21.fxe4 Bh3 22.Re1 Ng7 23.Nf3 Bxc1
24.Rxc1 h6 25.Nh4 Kh7 26.Bf1 Bd7 27.cxd6 cxd6 28.Nc7 Ra4 29.b5 Rb4 30.Rc4 Rxc4
31.Qxc4 Ng4 32.Be2 Qg5 33.Qc3 Nxh2 34.Kg2 Ng4 35.Bxg4 Qxg4 36.Qe3 g5  0-1

[Event "Reggio Emilia9293"]
[Site "Reggio Emilia"]
[Date "1992.??.??"]
[Round "7"]
[White "Vaganian, Rafael A"]
[Black "Belotti, Bruno"]
[Result "1-0"]
[WhiteElo "2615"]
[BlackElo "2405"]

1.Nf3 Nf6 2.c4 g6 3.Nc3 Bg7 4.e4 d6 5.d4 O-O 6.Be2 e5 7.O-O Nc6 8.d5 Ne7
9.Nd2 c5 10.Rb1 Ne8 11.b4 b6 12.bxc5 bxc5 13.Nb3 Kh8 14.Bg5 f6 15.Bh4 g5
16.Bg3 f5 17.exf5 Nf6 18.Bd3 Nxf5 19.Ne4 Nxe4 20.Bxe4 Rb8 21.Qh5 Bd7 22.Nd2 Qe8
23.Qe2 Rb6 24.Rxb6 axb6 25.Rb1 Nd4 26.Qd3 b5 27.f3 h6 28.Bf2 b4 29.a3 bxa3
30.Qxa3 g4 31.Bxd4 exd4 32.fxg4 Bxg4 33.Qg3 Bf5 34.Rb7 Qe5 35.Qxe5 Bxe5 36.Bxf5 Rxf5
37.Nf3 Bf4 38.Rb3 Rf7 39.Kf2 Ra7 40.Nh4 Be3+ 41.Kf3 Ra4 42.Nf5 Rxc4 43.Nxd6 Rc2
44.Ne4 Kg7 45.d6 Kf7 46.Rb7+  1-0

[Event "Reno op"]
[Site "Reno"]
[Date "1992.??.??"]
[Round "1"]
[White "Gurevich, Dmitry"]
[Black "Anderson, Renard"]
[Result "1-0"]
[WhiteElo "2490"]
[BlackElo "2290"]

1.Nf3 Nf6 2.c4 g6 3.Nc3 Bg7 4.e4 d6 5.d4 O-O 6.Be2 e5 7.O-O Nc6 8.d5 Ne7
9.Ne1 Nd7 10.Be3 f5 11.f3 f4 12.Bf2 h5 13.b4 Nf6 14.c5 g5 15.cxd6 cxd6 16.Rc1 Ne8
17.a4 Kh8 18.a5 Ng8 19.Nb5 a6 20.Na3 g4 21.fxg4 Ngf6 22.g5 Nxe4 23.Rxc8 Rxc8
24.Bd3 Qxg5 25.Bxe4 Nf6 26.Nf3 Qg4 27.h3 Qd7 28.Nd2 Bh6 29.Qf3 Rg8 30.Bb1 Rcf8
31.Nac4 Rg7 32.Bh4 Bg5 33.Bxg5 Rxg5 34.Ne4 Nxe4 35.Bxe4 Rfg8 36.Rf2 R8g7
37.Rc2 Rg8 38.Kh1 Kg7 39.Bd3 Kh6 40.Qe4 R8g7 41.Nb6 Qf7 42.Rc8 Rg8 43.Rxg8 Qxg8
44.Nc8 Rg7 45.Nxd6 Rc7 46.Nf5+  1-0